| 000 | 00491nam a2200193 a 4500 | ||
|---|---|---|---|
| 005 | 20140414093840.0 | ||
| 008 | 070817s19uu xx 00 eng d | ||
| 050 |
_aCDR 415 _bCLA 2001 |
||
| 245 | _aTense buster 2001. | ||
| 260 |
_aHong Kong : _bClarity, _cc2001. |
||
| 300 | _a1 CDR | ||
| 650 | _aGrammar. | ||
| 650 | _aLanguage and languages. | ||
| 650 | _aPhilology. | ||
| 650 |
_aEnglish. _xlanguages _xgrammar. |
||
| 650 |
_aLanguage _xTenses. |
||
| 942 | _cAVM | ||
| 999 |
_c109219 _d109219 |
||